Statystyki dla Kraje bez litery "A"

Kliknij tutaj aby rozwiązać quiz!

Ogólne statystyki

  • Ten quiz został rozwiązany 212 razy
  • Średni wynik to 20 z 31

Statystyki odpowiedzi

KontynentPaństwo% Poprawnych
EuropaNiemcy
88%
EuropaWłochy
88%
EuropaCzechy
87%
AzjaChiny
81%
EuropaLuksemburg
81%
EuropaKosowo
79%
AfrykaEgipt
78%
EuropaWęgry
78%
Ameryka PółnocnaMeksyk
77%
EuropaLiechtenstein
76%
Ameryka PołudniowaChile
75%
AzjaIndie
72%
Ameryka PołudniowaPeru
72%
AzjaCypr
71%
AfrykaNiger
69%
AzjaJemen
65%
AfrykaKongo
62%
Australia i OceaniaFidżi
61%
AfrykaTogo
57%
AzjaFilipiny
55%
AfrykaBenin
54%
AzjaKuwejt
54%
Ameryka PółnocnaBelize
53%
AfrykaLesotho
53%
AfrykaSeszele
52%
AfrykaDżibuti
49%
AzjaBrunei
48%
AfrykaBurundi
48%
AzjaTimor wschodni
45%
AfrykaWybrzeże kości słoniowej
45%
AfrykaKomory
41%

Rozkład punktacji

Percentyl według liczby udzielonych odpowiedzi

Procent ludzi z każdym wynikiem

Twoja historia wyników

Nie rozwiązałeś tego quizu